Fundamental problems of solid state ionics : 10th International Meeting, Russian Federation, Moscow region, Chernogolovka, June 14-16, 2010
Saved in:
| Format: | Book |
|---|---|
| Published: |
Moskva :
Institut problem chimičeskoj fiziki RAN,
2010
|
| Tags: |
No Tags, Be the first to tag this record!
|
MARC
| LEADER | 00000nam a22000003a 4500 | ||
|---|---|---|---|
| 001 | stu211940 | ||
| 005 | 20150408182743.6 | ||
| 008 | 101001s2010----ru----------------------d | ||
| 020 | |a 978-5-94691-417-8 | ||
| 040 | |a STU |b slo | ||
| 041 | 0 | ||
| 044 | |a ru | ||
| 245 | |a Fundamental problems of solid state ionics : |b 10th International Meeting, Russian Federation, Moscow region, Chernogolovka, June 14-16, 2010 | ||
| 260 | |a Moskva : |b Institut problem chimičeskoj fiziki RAN, |c 2010 | ||
| 300 | |a 387 s | ||
| 996 | |b 284M078640 |c M*Z-3714 |l MMKN |s A |a 24 |w stu211940_0001 | ||